|
|
|
|
| LEADER |
00000nam a2200000 a 4500 |
| 001 |
vtls001486857 |
| 003 |
SK-MaSNL |
| 005 |
20260302040737.0 |
| 008 |
240226s1792 xo lat |
| 035 |
|
|
|a SNK000442149
|
| 035 |
|
|
|a urn:nbn:sk:snk-amlr81
|
| 035 |
|
|
|a urn:nbn:sk:snk-am00c1i9
|
| 035 |
|
|
|a CF7C855D-335C-474C-8597-784128B6B1C8
|
| 040 |
|
|
|a SNK
|b slo
|c SNK
|e AACR2
|
| 041 |
0 |
|
|a lat
|
| 044 |
|
|
|a xo
|c SK
|
| 130 |
0 |
|
|a Elementa
|9 535555
|
| 245 |
1 |
|
|a Elementa Artis Cogitandi in Usum Gymnasiorum et Grammaticarum Scholarum per Regnum Hungariae et Provincias Eidem Adnexas
|
| 260 |
|
|
|a Budae [Budapešť]
|b Typis ac Sumptibus Regiae Universitatis Pestanae
|c MDCCXCII [=1792]
|
| 300 |
|
|
|a [4], 67 s.
|c 8°
|
| 500 |
|
|
|a Väzba: Tenká drevenná potiahnutá papierom
|
| 510 |
4 |
|
|a Petrik
|c I/599
|
| 562 |
|
|
|a Rukopisná poznámka: Logica Josephi Vantio?
|
| 710 |
2 |
|
|a Akademická tlačiareň (Budapešť, Maďarsko)
|4 prt
|9 286784
|
| 852 |
|
|
|a SNK
|b ID 97367
|
| 958 |
|
|
|a ONDV
|
| 999 |
|
|
|c 1075950
|d 1077880
|
| 952 |
|
|
|t P60, <04>, [BOOK], {604}, -A-
|a SNK
|b SNK
|y VYP
|7 0
|p 17A0476348
|o snkID 97367
|i snkF 1748/2004
|8 5
|0 0
|1 0
|4 0
|d 2004-12-09
|l 0
|r 2005-01-02 00:00:00
|w 2026-02-24
|
| 952 |
|
|
|t Ham 178
|a SNK
|b SNK
|c SNK_HF
|y PREZ
|7 0
|p 17A1120798
|o snkID 97367 D1
|i snk2014/24656
|8 5
|0 0
|1 0
|4 0
|d 2014-11-11
|f 1
|l 0
|r 2026-02-24 16:09:29
|w 2026-02-24
|